000 00633nam a2200289Ia 4500
008 210210b1922 xxu||||| |||| 00| 0 eng d
041 _aeng
082 _a090/82
100 _aPILLAI (L D Swamikannu)
245 _aIndian ephemeries A D 700 TO 1799: A D 1000 to 1199 Vol 3
260 _aMadras
_bGovernment of Madras
_c1922
300 _avi,401
440 _a3
650 _aVol
650 _aTO
650 _aIndian
650 _aephemeries
650 _aD
650 _aA
650 _a700
650 _a3
650 _a1799:
650 _a1199
650 _a1000
690 _aChronology
906 _a000720
999 _c77233
_d77233